000 00504nam a2200205Ia 4500
005 20250425161305.0
008 250425s9999 xx 000 0 und d
041 _aspa
082 _a986.604
110 _aCORPORACION EDITORA NACIONAL
245 0 _aLA REVOLUCION DE QUITO 1809-1822
250 _a1A ED.
260 _aEcuador
_bCORPORACION EDITORA NACIONAL
_c1982
260 _aQUITO
300 _a486
650 _aINDEPENDENCIA
650 _aQUITO-HISTORIA
942 _c01
010 _a16970
999 _c206219
_d206219